Bonsai kiểng cổ chậu xưa : Kỷ niệm Sài Gòn Tp. Hồ Chí Minh 300 năm

Сохранить в:
Библиографические подробности
Главный автор: Huỳnh, Văn Thới
Формат:
Язык:Undetermined
Опубликовано: Thành phố Hồ Chí Minh Trẻ 2004
Предметы:
Метки: Добавить метку
Нет меток, Требуется 1-ая метка записи!
Thư viện lưu trữ: Trung tâm Học liệu Trường Đại học Cần Thơ
LEADER 00612nam a2200205Ia 4500
001 CTU_98079
008 210402s9999 xx 000 0 und d
020 |c 25000 
082 |a 635.9 
082 |b Th462 
100 |a Huỳnh, Văn Thới 
245 0 |a Bonsai kiểng cổ chậu xưa : 
245 0 |b Kỷ niệm Sài Gòn Tp. Hồ Chí Minh 300 năm 
245 0 |c Huỳnh Văn Thới 
260 |a Thành phố Hồ Chí Minh 
260 |b Trẻ 
260 |c 2004 
650 |a Bonsai,Gardening 
904 |i Tuyến 
980 |a Trung tâm Học liệu Trường Đại học Cần Thơ